My saw / (Record no. 7733)
[ view plain ]
| 000 -LEADER | |
|---|---|
| fixed length control field | 00932nam a22002777a 4500 |
| 001 - CONTROL NUMBER | |
| control field | 7733 |
| 003 - CONTROL NUMBER IDENTIFIER | |
| control field | FISKH |
| 005 - DATE AND TIME OF LATEST TRANSACTION | |
| control field | 20250801143825.0 |
| 008 - FIXED-LENGTH DATA ELEMENTS--GENERAL INFORMATION | |
| fixed length control field | 250801b cb ||||| |||| 00| 0 eng d |
| 020 ## - INTERNATIONAL STANDARD BOOK NUMBER | |
| International Standard Book Number | 9780439295000 |
| 040 ## - CATALOGING SOURCE | |
| Original cataloging agency | FISKH |
| Language of cataloging | eng |
| Transcribing agency | FISKH |
| Modifying agency | FISKH |
| 050 ## - LIBRARY OF CONGRESS CALL NUMBER | |
| Classification number | TJ1233 .W45 |
| 082 ## - DEWEY DECIMAL CLASSIFICATION NUMBER | |
| Classification number | 621.9 |
| 100 ## - MAIN ENTRY--PERSONAL NAME | |
| Personal name | Weinberger, Kimberly |
| 245 ## - TITLE STATEMENT | |
| Title | My saw / |
| Statement of responsibility, etc. | by Kimberly Weinberger ; Illustrated by Billy Davis |
| 260 ## - PUBLICATION, DISTRIBUTION, ETC. | |
| Place of publication, distribution, etc. | New York : |
| Name of publisher, distributor, etc. | Cartwheel, |
| Date of publication, distribution, etc. | 2001. |
| 300 ## - PHYSICAL DESCRIPTION | |
| Extent | 10 unnumbered pages : |
| Other physical details | color illustrations ; |
| Dimensions | 24 x 29 cm |
| 505 ## - FORMATTED CONTENTS NOTE | |
| Formatted contents note | G<br/><br/> |
| 520 ## - SUMMARY, ETC. | |
| Summary, etc. | "With vibrant artwork and rhyming text, this durable board book provides the perfect way to introduce preschoolers to the exciting world of tools!" |
| 521 8# - TARGET AUDIENCE NOTE | |
| Target audience note | 380<br/><br/> |
| Source | Lexile estimate<br/> |
| 521 8# - TARGET AUDIENCE NOTE | |
| Target audience note | G<br/><br/> |
| Source | Raz-Plus<br/> |
| 650 ## - SUBJECT ADDED ENTRY--TOPICAL TERM | |
| Topical term or geographic name entry element | Board Book |
| Form subdivision | Community Helpers |
| 700 ## - ADDED ENTRY--PERSONAL NAME | |
| Personal name | Davis, Billy |
| Relator term | illustrator |
| 942 ## - ADDED ENTRY ELEMENTS (KOHA) | |
| Source of classification or shelving scheme | Dewey Decimal Classification |
| Koha item type | Books |
| Suppress in OPAC | No |
| Withdrawn status | Lost status | Source of classification or shelving scheme | Damaged status | Not for loan | Collection | Home library | Current library | Shelving location | Date acquired | Total Checkouts | Full call number | Barcode | Date last seen | Date last checked out | Copy number | Price effective from | Koha item type |
|---|---|---|---|---|---|---|---|---|---|---|---|---|---|---|---|---|---|
| Dewey Decimal Classification | Juvenile Fiction | Footprints International School Library Network Toul Kork Campus | Footprints International School Library Network Toul Kork Campus | TK Primary Library Room(4th Floor), Bookcase 1&2, Shelves 1-16, Dark Blue Books | 08/01/2025 | 1 | WEI 621.9 TJ1233 .W45 | FISBK07110 | 09/04/2025 | 08/21/2025 | 1 | 08/01/2025 | Books |
